Normal view
MARC view
- Velázquez Mastretta, Gustavo
Entry Nombre Personal
001 - NUMERO DE CONTROL
- campo de control: 42622
003 - IDENTIFICADOR DE NUMERO DE CONTROL
- campo de control: UPN
005 - FECHA Y HORA DE LA ÜLTIMA TRANSACCIÓN
- campo de control: 20210219194622.0
008 - DATOS DE LONGITUD FIJA
- campo de control de longitud fija: nabaccnnaabn|||||||||| b |nc|||||d
035 ## - NUMERO DE CONTROL
- Número de control: UPN11000014729
040 ## - FUENTE DE CATALOGACIÓN
- Lenguaje de catalogación: SPA
- Agencia de transcripción: UPN
100 1# - ENCABEZAMIENTO - NOMBRE PERSONAL
- Nombre personal: Velázquez Mastretta, Gustavo
670 ## - FUENTE EN LA QUE SE LOCALIZARON DATOS
- Cita de la fuente: T
- Uniform Resource Identifier: https://www.elsotano.com/libro/teoria-y-sinergia-del-conocimiento_10471844
680 ## - NOTA PUBLICA DE ACCESO PÚBLICO
- Frase explicativa de la referencia: Ing. Químico (BUAP), Máster en Administración de Negocios (UDLA) y Dr. en Aministración (CWU)
902 ## - CATALOGADOR
- Catalogador: EMR/130519
